Kształty państw do góry nogami #13 - Statystyki

Ogólne statystyki
  • Ten quiz został rozwiązany 79 razy
  • Średni wynik to 8 z 14
Statystyki odpowiedzi
Obrazkowy Odpowiedź % Poprawnych
Indonezja
93%
Algieria
83%
Węgry
80%
Bułgaria
74%
Iran
74%
Nigeria
73%
Syria
69%
Botswana
59%
Kuwejt
57%
Sierra Leone
43%
Bhutan
39%
Andora
34%
Dominika
21%
Tonga
20%
Nie znaleziono quizów pasujących do podanych kryteriów
Rozkład punktacji
Procent ludzi z każdym wynikiem
Percentyl według liczby udzielonych odpowiedzi
Twoja historia wyników
Nie rozwiązałeś tego quizu